000 01189nam a2200301Ia 4500
003 GCL
008 140319s9999 xx 000 0 ara d
020 _a2110329957
040 _aGCL /
_cGCL
082 0 4 _a658.022
_bف ر
100 1 _aعبدالستار محمد العلى
245 1 0 _aالريادة وادارة الاعمال الصغيرة :
_bENTREPRENEURSHIP AND SAMLL BUSINESS MANAGEMENT /
_cعبدالستار محمد العلى
700 1 _aفايز جمعة صالح النجار
250 _aالاولى
260 _aالاردن :
_bدار الحامد للنشر والتوزيع ،
_c2006
300 _a350 ص ؛
_c24 سم
650 0 4 _aادارة الاعمال
650 0 4 _aالميزانيات التقديرية
650 0 4 _aالمشروعات - تنظيم وادارة
650 0 4 _aالادارة - تقييم
650 0 4 _aالمشروعات - ضبط التكاليف
650 0 4 _aالمشروعات الصغيرة - تنظيم وادارة
650 0 4 _aالائتمان التجارى
650 0 4 _aالتامين - محاسبة
650 0 4 _aالتامين - سياسة
650 0 4 _aالادارة - تدقيق
942 _2ddc
_cBK
999 _c8545
_d8545